| 000 | 00499cam a2200181ua 4500 | ||
|---|---|---|---|
| 020 | _c78.00 | ||
| 041 |
_aeng _h |
||
| 082 |
_a636 _bGOP/LI |
||
| 100 | _aGopalakrishnan, C A . | ||
| 245 |
_aLivestock and poultry enterprises for rural development / _cC A Gopalakrishnan. _hTextual Documents |
||
| 260 |
_aNew Delhi : _bVani Educational Books , _c1985. |
||
| 300 | _a1083 ; . | ||
| 365 | _a78.00 | ||
| 504 | _a | ||
| 700 | 1 | _aMorley Mohanlal, G . | |
| 942 | _cBK | ||
| 999 |
_c12898 _d12898 |
||